[Event "Pardubice Region-chT 2223"]
[Site "Czech Republic"]
[Date "2023.04.02"]
[Round "11.8"]
[White "Sindler, Jaromir"]
[Black "Vcela, Martin"]
[Result "0-1"]
[WhiteElo "1601"]
[BlackElo "1324"]
[PlyCount "78"]
[EventDate "2022.10.09"]
[EventType "team-tourn"]
[EventRounds "11"]
[EventCountry "CZE"]
[SourceTitle "EXT 2024"]
[Source "ChessBase"]
[SourceDate "2023.10.10"]
[SourceVersion "1"]
[SourceVersionDate "2023.10.10"]
[SourceQuality "1"]

1. d4 d5 2. Nf3 Bf5 3. e3 Nf6 4. c4 e6 5. Nc3 c6 6. Be2 Bd6 7. 0-0 0-0 8. h3 Nbd7 9. cxd5 exd5 10. a3 Ne4 11. Nxe4 dxe4 12. Nh2 Qg5 13. Bg4 Nf6 14. Bxf5 Qxf5 15. Ng4 Rfe8 16. Nxf6+ Qxf6 17. b4 Re6 18. f4 Qh4 19. Qg4 Qxg4 20. hxg4 Rg6 21. g5 h6 22. gxh6 Rxh6 23. g3 Kh7 24. Kg2 Kg6 25. Bd2 Rah8 26. Rh1 Kf5 27. Rxh6 Rxh6 28. Rh1 Rxh1 29. Kxh1 Ke6 30. Kg2 Kd5 31. Kf2 Kc4 32. Ke2 Kb3 33. Bc1 a5 34. bxa5 Bxa3 35. Bxa3 Kxa3 36. Kd2 Ka4 37. a6 bxa6 38. Kc3 Kb5 39. g4 a5 0-1